La lengua de los otros /
Salvato in:
| Autore principale: | |
|---|---|
| Natura: | Elettronico eBook |
| Lingua: | spagnolo |
| Pubblicazione: |
Madrid :
Visor Libros,
[2017]
|
| Serie: | Colección Visor de poesía ;
v. 986. |
| Soggetti: | |
| Accesso online: | Digitalia Hispánica |
| Tags: |
Aggiungi Tag
Nessun Tag, puoi essere il primo ad aggiungerne!!
|
MARC
| LEADER | 00000nam a2200000Ii 4500 | ||
|---|---|---|---|
| 001 | DIGVISR0685 | ||
| 003 | NyNyDIG | ||
| 006 | m o d | ||
| 007 | cr ||||||||||| | ||
| 008 | 210720s2017 sp o 000 p spa d | ||
| 035 | |a (OCoLC)1282639567 | ||
| 040 | |a DGITA |b eng |e rda |e pn |c DGITA | ||
| 020 | |z 9788498959864 | ||
| 050 | 1 | 4 | |a PQ6668.I64 ebook |
| 082 | 0 | 4 | |a 861.64 |
| 100 | 1 | |a Ripoll, José Ramón, |d 1952- |e author. | |
| 245 | 1 | 3 | |a La lengua de los otros / |c José Ramón Ripoll. |
| 264 | 1 | |a Madrid : |b Visor Libros, |c [2017] | |
| 300 | |a 1 online resource. | ||
| 336 | |a text |2 rdacontent | ||
| 337 | |a computer |b c |2 rdamedia | ||
| 338 | |a online resource |b cr |2 rdacarrier | ||
| 347 | |a text file |2 rdaft | ||
| 347 | |b PDF | ||
| 490 | 1 | |a Volumen CMLXXXVI de la Colección Visor de poesía | |
| 586 | |a XXIX Premio Internacional de Poesía Fundación Loewe. | ||
| 588 | 0 | |a Online resource; title from PDF title page (Digitalia, viewed July 20, 2021) | |
| 655 | 7 | |a Poetry. |2 lcgft | |
| 655 | 0 | |a Electronic books. | |
| 791 | 2 | |a Digitalia (Firm), |e distributor. | |
| 793 | 0 | |g Digitalia eBook Collection: |a Visor Libros. | |
| 776 | 0 | 8 | |i Print version: |a Ripoll, José Ramón, 1952- |t Lengua de los otros. |d Madrid : Visor Libros, [2017] |z 9788498959864 |w (DLC) 2017398757 |w (OCoLC)980299554 |
| 830 | 0 | |a Colección Visor de poesía ; |v v. 986. | |
| 856 | 4 | 0 | |3 Digitalia Hispánica |u https://digitalia.unach.elogim.com/a/77235/ |
| 910 | |a Premium Collection: 2021 | ||